000 00296nam a22001337a 4500
008 171019b xxu||||| |||| 00| 0 eng d
020 _a9780070200821
041 _aeng
080 _22ND
_a338
100 _a53
101 _aMEN
245 _aPORTFOLIO MANAGEMENT
_cFARRELL.J.L
942 _2udc
_cBK
999 _c34834
_d34834